Logo BPK

Biblioteka

Politechniki Koszalińskiej

Fathers and sons / (Rekord nr 48815)

Szczegóły MARC
000 -ETYKIETA REKORDU
podpole kontrolne o stałej długości 00633nam a2200193 i 4500
001 - NUMER KONTROLNY REKORDU
pole kontrolne bgj
040 ## - ŹRÓDŁO KATALOGOWANIA
Instytucja, która utworzyła rekord BPK
041 0# - KOD JĘZYKA
Kod języka tekstu eng
Kod języka oryginału rus
008 - POLE O STAŁEJ DŁUGOŚCI - DANE KONTROLNE
podpole kontrolne o stałej długości s uk f |000 0 eng
100 1# - NAZWA OSOBOWA
Nazwa osobowa TURGENEV, Ivan
Daty związane z nazwą (1818-1883)
245 10 - TYTUŁ/ODPOWIEDZIALNOŚĆ
Tytuł Fathers and sons /
Pozostałe elementy strefy tytułu i oznaczenia odpowiedzialności Ivan Turgenev ; translated from the Russian by Bernard Isaacs ; edited and with an introduction by Neal Burroughs.
260 ## - STREFA ADRESU WYDAWNICZEGO
Miejsce wydania New York :
Nazwa wydawcy/dystrybutora Washington Square Press, Inc.,
Data publikacji, dystrybucji/powstania dokumentu 1964.
300 ## - STREFA OPISU FIZYCZNEGO
Objętość 217 pp ;
Rozmiary 16 cm.
650 #9 - HASŁO PRZEDMIOTOWE W FORMIE NAZWY OGÓLNEJ LUB JEDNOSTKOWEJ
Nazwa ogólna lub geograficzna Non-English literature
650 #9 - HASŁO PRZEDMIOTOWE W FORMIE NAZWY OGÓLNEJ LUB JEDNOSTKOWEJ
Nazwa ogólna lub geograficzna Russian literature
700 1# - HASŁO DODATKOWE - NAZWA OSOBOWA
Nazwa osobowa ISAACS, Bernard.
Określenie związku między hasłem a opisywanym materiałem translator
700 1# - HASŁO DODATKOWE - NAZWA OSOBOWA
Nazwa osobowa BURROUGHS, Neal
856 ## - LOKALIZACJA I DOSTĘP DO ELEKTRONICZNYCH DOKUMENTÓW ZDALNYCH
Link (URL) http://koha.tu.koszalin.pl/cgi-bin/koha/opac-detail.pl?biblionumber=48815
Tekst linku Katalog online BPK
942 ## - DODATKOWE ELEMENTY (KOHA)
Typ dokumentu Książka
Egzemplarze
Wycofany Status egzemplarza Uszkodzony Dostępność Lokalizacja stała Lokalizacja bieżąca Miejsce przechowywania Sygnatura Kod kreskowy Typ dokumentu
      Dostępny Biblioteka Politechniki Koszalińskiej Biblioteka Politechniki Koszalińskiej Wypożyczalnia Językowa KA 6140 09050389 Książka
© 2023 Biblioteka Politechniki Koszalińskiej :: KOHA